| 000 | 00584nam a22001577a 4500 | ||
|---|---|---|---|
| 003 | OSt | ||
| 005 | 20151002143937.0 | ||
| 008 | 151002b xxu||||| |||| 00| 0 eng d | ||
| 040 | _cRUA | ||
| 082 | _aAVM ម៉ក់ 1993 B066 Or.1 | ||
| 100 |
_91772 _aម៉ក់ សុកឌី |
||
| 245 | _aវិធានការណ៏បំបាត់ជំងឺឆ្លងសំខាន់ៗ នៃសត្វគោ ក្របីនៅក្នុុងខេត្តកណ្តាល | ||
| 260 |
_aPhnom Penh _bRUA _c1993 |
||
| 300 |
_a71p. _bill. _c29cm. |
||
| 942 |
_2ddc _cAVM |
||
| 999 |
_c1673 _d1673 |
||